Последният оракул (Запис номер 83333)
[ съкратено ]
| 000 -Лидер | |
|---|---|
| Контролно поле с фиксирана дължина | 01414nam a2200349 c 4500 |
| 003 - Код на организацията, давaща контролен номер | |
| Контролно поле | BLK |
| 005 - Дата и час на последна редакция | |
| Контролно поле | 20250704091938.0 |
| 008 - Елементи от данни с фиксирана дължина | |
| fixed length control field | 180408b bul|||||r ||||||| ||bul|| |
| 010 ## - Наследен системен номер | |
| LC control number | KNG00087880000 |
| 020 ## - Международен стандартен номер на книга ISBN | |
| Международен стандартен номер на книга ISBN | 978-954-585-975-5 |
| -- | издат.: Бард |
| 040 ## - Източник на каталожния запис | |
| Идентификатор на билиотеката - собственик на записа | BLK |
| 041 ## - Код за език | |
| Код за езика на текст/звукозапис или на отделно заглавие | Български |
| Код за езика КДБФ | Български |
| 080 ## - УДК | |
| Текстов определител УДК | Американска литература (на САЩ) |
| УДК код - определител по УДК | 821.111(73) |
| УДК определител | -312.4 |
| УДК - код + определител | 821.111(73)-312.4 |
| 100 1# - Редна дума - Автор | |
| Автор | Ролинс, Джеймс |
| Авторска отговорност | първи автор |
| Автор - информация (биография) | Чайковски, Джим |
| R(LIN) | 116829 |
| 139 ## - Редно поле | |
| Редна дума | Ролинс, Джеймс |
| Авторски знак | Роле - Р 82 |
| 245 10 - Сведения за заглавието | |
| Заглавие | Последният оракул |
| Подзаглавни данни | Роман |
| Редно поле (дума) | Джеймс Ролинс; прев. Милена Маринова Илиева. |
| 257 ## - Страна на издаване | |
| Страна на създаване/издаване | Съединени американски щати |
| 260 ## - Област на издателските данни | |
| -- | София |
| Име на издателя, разпространителя и проч. | Бард |
| Година на издаване | 2008 |
| Печатница | Хасково : Полиграфюг |
| 300 ## - Физическа характеристика | |
| Страници | 556 с. |
| Размери/Мащаб | 20 см |
| 380 ## - Жанр | |
| Жанр | Худож. лит. |
| 490 1# - СЕРИИ (Колекции) | |
| Име на серия | Кралете на трилъра |
| 500 ## - Общи забележки | |
| Забележка | Ориг. загл. The Last Oracle / James Rollins. - Джеймс Ролинс - псевд. на Джим Чайковски. |
| 653 ## - Ключова дума – ненормативна | |
| Ключова дума | трилъри |
| 653 ## - Ключова дума – ненормативна | |
| Ключова дума | романи |
| 700 1# - Други автори (авторска отговорност) | |
| Лично име | Илиева, Милена Маринова |
| 9 (RLIN) | 72691 |
| 852 ## - Местоположение | |
| Форматна сигнатура | Цб 242886 |
| 856 4# - Електронен адрес и достъп | |
| Електронен формат | pdf - файл |
| Път до файла /url/ | |
| 856 4# - Електронен адрес и достъп | |
| Електронен формат | pdf - файл |
| Път до файла /url/ | |
| 942 ## - АРТИКУЛИ | |
| Вид на библиотечния материал | Книги |
| Скрит в OPAC | Не |
| Koha issues (borrowed), all copies | 42 |
| 944 ## - СЪЗДАВАНЕ И РЕДАКЦИЯ на ЗАПИСА | |
| Създаване/Редакция | Създаване |
| Дата на регистрацията/редакция | 18.02.2009 |
| Статус, дата на статуса | Минев Младен |
| Служител, извършил регистрацията/редакцията | 30530 |
| 944 ## - СЪЗДАВАНЕ И РЕДАКЦИЯ на ЗАПИСА | |
| Създаване/Редакция | Редакция |
| Дата на регистрацията/редакция | 08.02.2018 |
| Статус, дата на статуса | ф / |
| Служител, извършил регистрацията/редакцията | Людмила_Стоянова |
| 999 ## - СИСТЕМНИ КОНТРОЛНИ НОМЕРА | |
| Koha biblionumber | 83333 |
| Koha biblioitemnumber | 83333 |
| Код за отписване | Код за изгубен артикул | Източник на класификационната схема | Код за повреда | Коз за рестрикции | Код за отдаване | Артикулен № | Име на библиотеката - собственик | Име на библиотеката, в която се намира в момента | Статус (Текущо местоположение) | Дата на вписване в системата | Местоположение - отдел | Цена в лева | Инвентарен номер | Систематично азбучна сигнатура | Баркод | Номер на екземпляра | Цена в евро | Служебна бележка | Служебен тип на артикула |
|---|---|---|---|---|---|---|---|---|---|---|---|---|---|---|---|---|---|---|---|
| Изтеглен | Не е изгубен | Universal Decimal Classification | Не е повреден | без рестрикции | заемане за дома | 135557 | Регионална библиотека "Любен Каравелов" Русе | Регионална библиотека "Любен Каравелов" Русе | Дубликат | 2009-02-18 | Заемна - подръчен фонд | 11.99 | 120000733686 | П 820(73)-31/Р 82 | 120000733686 | 1 | 6.13 | Дост: Pk Вид: Ф N: 298 Дата: 16.02.2009 Дата инв: 13.02.2018 Бележки инв: П2018 | Книги |
| Изтеглен | Не е изгубен | Не е повреден | без рестрикции | заемане за дома | 135558 | Регионална библиотека "Любен Каравелов" Русе | Регионална библиотека "Любен Каравелов" Русе | Заемна - подръчен фонд | 2009-02-18 | Заемна - подръчен фонд | 11.99 | 120000733687 | П 820(73)-31/Р 82 | 120000733687 | 2 | 6.13 | Дост: Pk Вид: Ф N: 298 Дата: 16.02.2009 Дата инв: 13.02.2018 Бележки инв: П2018 | Книги | |
| Изтеглен | Не е изгубен | Universal Decimal Classification | Не е повреден | без рестрикции | заемане за дома | 135559 | Регионална библиотека "Любен Каравелов" Русе | Регионална библиотека "Любен Каравелов" Русе | Дубликат | 2009-02-18 | Заемна - подръчен фонд | 11.99 | 120000733688 | П 820(73)-31/Р 82 | 120000733688 | 3 | 6.13 | Дост: Pk Вид: Ф N: 298 Дата: 16.02.2009 Дата инв: 13.02.2018 Бележки инв: П2018 | Книги |
| Не е изгубен | Universal Decimal Classification | Не е повреден | без рестрикции | заемане за дома | 135560 | Регионална библиотека "Любен Каравелов" Русе | Регионална библиотека "Любен Каравелов" Русе | Заемна - подръчен фонд | 2009-02-18 | Заемна - подръчен фонд | 11.99 | 120000733689 | П 821-31/Р 82 | 120000733689 | 4 | 6.13 | Дост: Pk Вид: Ф N: 298 Дата: 16.02.2009 Дата инв: 13.02.2018 Бележки инв: П2018 | Книги | |
| Не е изгубен | Не е повреден | без рестрикции | ползва се в читалня | 135561 | Регионална библиотека "Любен Каравелов" Русе | Регионална библиотека "Любен Каравелов" Русе | Хранилище | 2011-07-07 | Хранилище | 11.99 | 120000751763 | Цб 242886 | 120000751763 | 5 | 6.13 | Дост: Dp Вид: Д N: 4 Дата: 24.01.2011 | Книги | ||
| Не е изгубен | Не е повреден | без рестрикции | заемане за дома | 135562 | Регионална библиотека "Любен Каравелов" Русе | Регионална библиотека "Любен Каравелов" Русе | Заемна - подръчен фонд | 2018-01-29 | Заемна - подръчен фонд | 11.99 | 120000819360 | П 820(73)-31/Р 82 | 120000819360 | 6 | 6.13 | Дост: DA Вид: А N: 1 Дата: 29.01.2018 Дата инв: 15.02.2018 Бележки инв: П2018 | Книги |